| 000 | 00706 a2200205 4500 | ||
|---|---|---|---|
| 010 | _aENG-89317 | ||
| 020 |
_a978813133504 _c595.00 |
||
| 035 | _aEN-72850 | ||
| 037 | _bDBAD / PUB | ||
| 082 | 1 | 4 | _a921 |
| 090 |
_c10745 _d10745 |
||
| 100 | 1 | _aAbhimanyu Singh | |
| 245 | 1 |
_aDevelopment administration: _cby Abhimanyu Singh _b(challenges)/ |
|
| 260 |
_aNew Delhi _bAPH Publishing Corporation _c2008 |
||
| 270 |
_a4435-36/7, Ansari Road, Darya Ganj, _bNew Delhi _e110002 _k23274050 _maphbooks@vsnl.net |
||
| 300 |
_avii, 260p. _c23cm.(Hb) |
||
| 500 | _aIncludes index | ||
| 942 |
_adpl _cEN _k921/ ABH |
||
| 999 |
_c10449 _d10449 |
||